000 00701nam a22002417a 4500
001 BR6000855
003 BR-BrBNA
005 20230928093801.0
007 ta
008 230509b bl.||||| |||| 00| 0 por d
040 _aBR-BrBNA
_bpor
_cBiblioteca Nacional de Agricultura
041 _a(Por)
072 _aE80
_b1160
090 _ 1160 BR6000855
110 1 _aSecretaria de Estado da Agricultura, Fortaleza, CE (Brasil). Grupo Executivo da Producao Vegetal
_98834
245 1 _aIndustrializacao domestica do pedunculo do caju
260 3 _aFortaleza, CE (Brasil):
_c1973.
300 _a12 p.
650 _aCaju
650 _aCulinaria
909 _a202309
_bLucia
_c55
_dLucia Elande
942 _cBK
999 _c47082
_d47082